Cirkevné školy za biskupov

Bibliographic Details
Main Author: (rt) (Author)
Format: Article
Language:Slovak
Subjects:

MARC

LEADER 00000nab a2200000 a 4500
001 vtls000926003
003 SK-MaSNL
005 20260303033730.0
008 040720e19980521xo 0 slo
035 |a KE34880 
040 |a KEVKJB  |b slo  |c KEVKJB  |e AACR2 
041 0 |a slo 
044 |a xo  |c SK 
080 |a 257  |2 1981 
100 0 |a (rt)  |4 aut  |9 848671 
245 1 0 |a Cirkevné školy za biskupov 
650 0 7 |a cirkevné školy  |2 KEVKJB  |9 4074 
650 0 7 |a listy biskupské  |2 KEVKJB  |9 1017885 
650 0 7 |a postoje  |2 KEVKJB  |9 1017850 
650 0 7 |a informácie  |2 KEVKJB  |9 1285 
651 7 |a Košice (Slovensko)  |2 KEVKJB  |9 18694 
651 7 |a KE,  |2 KEVKJB  |9 877256 
655 7 |a periodikum  |2 snkbucl  |9 29553 
773 0 8 |t Zrno - hlas  |g Roč. 9, č.21, 21.5.1998, s. 11 
852 |a ZVYKNI  |b KIS3GCP 
999 |c 1671221  |d 1673151